Přísečnice žije! : kniha o tom, jaké bohatství se skrývá pod hladinou... = Preßnitz lebt! : ein Buch über die unter Wasser verborgenen Schätze...

Další autoři: Kupková, Veronika, Hielscher, Daniela
Jazyk: Němčina
Čeština
Vydáno: Kadaň : Gymnázium Kadaň, 2019
Témata:
Externí odkaz: Digitalizovaný dokument
Fyzický popis: 512 stran : ilustrace (některé barevné), mapy, portréty, plány, faksimile ; 24 cm
Language note: Souběžný německý text
Knihy
Uloženo v:
LEADER 02528nam a2200589 i 4500
001 nkc20193148357
003 CZ PrNK
005 20230225235029.0
007 ta
008 191016s2019 xr abcee 000 0 cze
015 |a cnb003148357 
020 |a 978-80-87838-06-8  |q (brožováno) 
035 |a (OCoLC)1135611739 
040 |a OLA001  |b cze  |e rda 
041 1 |a cze  |a ger  |h cze  |h ger 
043 |a e-xr---  |b e-xr-us  |2 czenas 
072 7 |a 94(437)  |x Dějiny Česka a Slovenska  |2 Konspekt  |9 8 
080 |a 911.373-027.17  |2 MRF 
080 |a 94(437.315)  |2 MRF 
080 |a 908(437.315)  |2 MRF 
080 |a (048.8:082)  |2 MRF 
080 |a (084.11)  |2 MRF 
245 0 0 |a Přísečnice žije! :  |b kniha o tom, jaké bohatství se skrývá pod hladinou... = Preßnitz lebt! : ein Buch über die unter Wasser verborgenen Schätze... 
246 3 1 |a Preßnitz lebt! 
264 1 |a Kadaň :  |b Gymnázium Kadaň,  |c 2019 
300 |a 512 stran :  |b ilustrace (některé barevné), mapy, portréty, plány, faksimile ;  |c 24 cm 
336 |a text  |b txt  |2 rdacontent 
336 |a statický obraz  |b sti  |2 rdacontent 
337 |a bez média  |b n  |2 rdamedia 
338 |a svazek  |b nc  |2 rdacarrier 
500 |a "Zpracoval česko-německý tým studentů a studentek ... pod vedením: Veronika Kupková, Daniela Hielscher"--Tiráž 
500 |a Chronologický přehled 
504 |a Obsahuje bibliografické odkazy 
546 |a Souběžný německý text 
650 0 7 |a zaniklé obce  |7 ph127539  |z Česko  |2 czenas 
650 0 9 |a lost villages  |z Czechia  |2 eczenas 
651 7 |a Přísečnice (Česko : zaniklá obec)  |7 ge254936  |x dějiny  |2 czenas 
651 7 |a Přísečnice (Česko : zaniklá obec)  |7 ge254936  |x vlastivěda  |2 czenas 
651 9 |a Přísečnice (Czechia : lost village)  |x history and geography  |2 eczenas 
655 7 |a kolektivní monografie  |7 fd501537  |2 czenas 
655 7 |a obrazové publikace  |7 fd132947  |2 czenas 
655 9 |a collective monographs  |2 eczenas 
655 9 |a pictorial works  |2 eczenas 
700 1 |a Kupková, Veronika  |7 pag2018999149  |4 edt 
700 1 |a Hielscher, Daniela  |4 edt 
856 4 1 |u http://www.digitalniknihovna.cz/mzk/uuid/uuid:eb041c00-54f1-11ed-8756-005056827e51  |y Digitalizovaný dokument  |x NDK 
910 2 |a BOA001  |b 2-1434.642 
990 |a BK 
995 |a 01 
991 |b 201911  |c NOV 
996 6 |b 2610801566  |c 2-1434.642  |l MZK  |r Sklad / do 1 hodiny  |n 0  |p p.v.  |w 001763127  |u 000010  |a 1  |e BOA001  |j MZK50  |s P 
996 7 |b 2610801567  |c 2-1434.642  |l MZK  |r Sklad / do 1 hodiny  |n 1  |p dar  |w 001763127  |u 000020  |a 1  |e BOA001  |j MZK50  |s A